Statistics for How much do you know the Geography

Click here to take the quiz!

General Stats

  • This quiz has been taken 12 times
  • The average score is 12 of 20

Answer Stats

QuestionAnswer% Correct
What is the currency of Switzerland and where Switzerland is located?Franc, Central Europe
100%
Ross Dependency is a Territory that is located in :Antarctica
89%
Choose the country that have a Tree or Cedar on his flag:Lebanon
89%
Life Expectancy Index (LEI) ,. Education Index (EI) , Income Index are pieces in a box that is called:Human development Index
78%
Choose One of the seven wonders of the word P.S=Must be located in the Black Continent.The Great Pyramid of Giza
78%
The Soviet Union, officially the Union of Soviet Socialist Republics (USSR), was a federal socialist state in Northern Europe that existed from 1922 to 1999. Correct this informationThe Soviet Union, officially the Union of Soviet Socialist Republics(USSR),was a federal socialist state in Northern Eurasia that existed from 1922 to 1991
78%
Choose two countries that the equator pass in :Uganda ,Kenya
78%
Officially, The USA is formed of x states .X=50
78%
Who is Called : the father of geography?Eratosthenes
67%
What is the biggest planet?Jupiter
67%
If the time in Grinitch city is 1:00 AM , What will be in Rabat (Morocco) ? Noted that the two cities are in the same scale1:00 AM
56%
Russia is the largest country in the word; with a total are of 17,098,942 km^2 , and water bodies of 721,372 km^2 ,what is the Land area of Russia ,noted that russia have 11% of the total word landmass .The land area of a country is calculated by square miles (mi^2).6,323,142 mi^2
56%
Choose the Capital City with the Hight number of population in condition that this city have a Hight majority of Atheist people(more than 61%):Beijing
56%
Which is the most important sector to invest for the developing countries to boom their Economy:Education sector
44%
What is the lowest layer of earth's Atmosphere?Troposphere
44%
Total number of births in Hong-Kong is 72,221,the number of women of child bearing age is 1,469,300 by 1000 in 1986. Calculate the Fertility rate in Hong-Kong in 1986.49.2
33%
Put these language in chronological order (The most speaker to the least one):Spanish ,English, Bengali ,Russian.Spanish-English-Bengali-Russian
33%
The Amazon is considered the world's largest river by volume, but scientists have believed it is slightly shorter than Africa's Nile. According to the team's results, which have not been published, the Amazon is 4,225 miles (6,800 kilometers) long. The Nile stretches 4,160 miles (6,695 kilometers).TRUE
33%
Choose the incorrect Serie:Tuvalu, Vanuatu , Fiji , North Macedonia
33%
Officially ,how many independent sovereign nations there are?195
22%

Score Distribution

Percentile by Number Answered

Percent of People with Each Score

Your Score History

You have not taken this quiz